[Event "Davos Summer op"]
[Site "Davos"]
[Date "2021.08.06"]
[Round "2"]
[White "Wagner, Victoria"]
[Black "Kewalramani, Abhir"]
[Result "1-0"]
[WhiteElo "1657"]
[BlackElo "1111"]
[PlyCount "65"]
[EventDate "2021.08.05"]
[EventType "swiss"]
[EventRounds "5"]
[EventCountry "SUI"]
[SourceTitle "EXT 2022"]
[Source "ChessBase"]
[SourceDate "2021.10.06"]
[SourceVersion "1"]
[SourceVersionDate "2021.10.06"]
[SourceQuality "1"]

1. e4 c6 2. d4 d5 3. exd5 cxd5 4. Bd3 Nc6 5. c3 Qc7 6. Ne2 Bg4 7. 0-0 Nf6 8. Qe1 Bxe2 9. Qxe2 e6 10. Nd2 Bd6 11. Nf3 h6 12. Re1 Nd7 13. g3 0-0 14. b4 g5 15. a4 Rfe8 16. b5 Na5 17. Ba3 Nb6 18. Bxd6 Qxd6 19. Ne5 Re7 20. Qc2 Rc7 21. Rac1 Nac4 22. a5 Na3 23. Qb3 Nbc4 24. b6 axb6 25. Bxc4 Nxc4 26. Nxc4 Rxc4 27. axb6 Kf8 28. Ra1 Rac8 29. Ra7 Qc6 30. Re3 f5 31. Qb1 Ke7 32. Qxf5 Kd7 33. Rxb7+ 1-0